Struggle for domination in the Middle East : the Ottoman-Mamluk War, 1485-91 /
المؤلف الرئيسي:
التنسيق: كتاب
اللغة: English
منشور في:
Leiden ; New York :
E.J. Brill,
1995.
سلاسل:
The Ottoman Empire and its heritage,
4.
الموضوعات:
الوسوم: إضافة وسم
رقم الطلب: DR503 .H37 1995
| LEADER | 01090namaa2200289 4500 | ||
|---|---|---|---|
| 001 | 12284 | ||
| 003 | OSt | ||
| 005 | 20240925121501.0 | ||
| 008 | 130303s1995 ne ab b 001 0 eng d | ||
| 952 | |0 0 |1 0 |2 lcc |4 0 |6 DR0503 H37 01995 |7 1 |9 58337 |a ARCE |b ARCE |d 2023-12-19 |l 0 |o DR503 .H37 1995 |p 1010670 |r 2023-12-19 00:00:00 |w 2023-12-19 |y BK | ||
| 999 | |c 10740 |d 10740 | ||
| 010 | |a 94040784 | ||
| 020 | |a 9004101802 | ||
| 040 | |c ARCE Library | ||
| 043 | |a a-tu--- | ||
| 050 | 4 | |a DR503 .H37 1995 | |
| 100 | 1 | |a Har-El, Shai, |e author | |
| 245 | 1 | 0 | |a Struggle for domination in the Middle East : |b the Ottoman-Mamluk War, 1485-91 / |c by Shai Har-El. |
| 264 | 1 | |a Leiden ; |a New York : |b E.J. Brill, |c 1995. | |
| 300 | |a xv, 238 pages : |b illustrations, maps ; |c 25 cm. | ||
| 490 | 1 | |a The Ottoman Empire and its heritage, |x 1380-6076 ; |v 4. | |
| 504 | |a Includes bibliographical references (pages [224]-232) and index. | ||
| 555 | |a .alaa-sweed | ||
| 651 | 0 | |a Turkey |x History |y Bayezid II, 1481-1512. | |
| 830 | 4 | |a The Ottoman Empire and its heritage, |x 1380-6076 ; |v 4. | |
| 901 | |a reviewed | ||
| 942 | |c BK |2 lcc | ||
